Éléments chimiques sans indices - Statistiques

Statistiques générales
  • Ce quiz a été pris 20 fois
  • Le résultat moyen est 60 sur 118
Statistiques - réponses
Élément % Correct
Fer
100%
Hydrogène
94%
Oxygène
94%
Aluminium
88%
Azote
88%
Hélium
88%
Phosphore
88%
Argon
82%
Béryllium
82%
Calcium
82%
Carbone
82%
Gallium
82%
Néon
82%
Or
82%
Silicium
82%
Sodium
82%
Uranium
82%
Bore
76%
Chlore
76%
Cuivre
76%
Fluor
76%
Lithium
76%
Magnésium
76%
Potassium
76%
Brome
71%
Chrome
71%
Cobalt
71%
Germanium
71%
Krypton
71%
Manganèse
71%
Nickel
71%
Soufre
71%
Argent
65%
Arsenic
65%
Iode
65%
Mercure
65%
Sélénium
65%
Vanadium
65%
Xénon
65%
Copernicium
59%
Einsteinium
59%
Neptunium
59%
Plomb
59%
Plutonium
59%
Radium
59%
Titane
59%
Zinc
59%
Américium
53%
Curium
53%
Francium
53%
Iridium
53%
Polonium
53%
Scandium
53%
Tungstène
53%
Césium
47%
Erbium
47%
Étain
47%
Indium
47%
Lawrencium
47%
Molybdène
47%
Palladium
47%
Platine
47%
Radon
47%
Tennesse
47%
Ytterbium
47%
Antimoine
41%
Astate
41%
Bismuth
41%
Californium
41%
Cérium
41%
Europium
41%
Lutécium
41%
Moscovium
41%
Nobélium
41%
Rubidium
41%
Tantale
41%
Terbium
41%
Yttrium
41%
Zirconium
41%
Baryum
35%
Cadmium
35%
Dysprosium
35%
Mendélévium
35%
Niobium
35%
Prométhium
35%
Strontium
35%
Tellure
35%
Thallium
35%
Thorium
35%
Thulium
35%
Actinium
29%
Berkélium
29%
Dubnium
29%
Fermium
29%
Hafnium
29%
Lanthane
29%
Néodyme
29%
Nihonium
29%
Oganesson
29%
Rhodium
29%
Ruthénium
29%
Samarium
29%
Technétium
29%
Bohrium
24%
Darmstadtium
24%
Flérovium
24%
Gadolinium
24%
Hassium
24%
Holmium
24%
Praséodyme
24%
Protactinium
24%
Rhénium
24%
Rutherfordium
24%
Seaborgium
24%
Livermorium
18%
Osmium
18%
Roentgénium
18%
Meitnérium
12%
Aucun quiz correspondant
Distribution des résultats
% des personnes avec chaque résultat
Percentile par nombre de réponses
Votre historique - résultats
Vous n’avez pas pris ce quiz